000 00703nam a22002177a 4500
003 OSt
005 20251128083522.0
008 251128b |||||||| |||| 00| 0 eng d
020 _a978-971-93166-4-0.
040 _cCL
082 _22nd ed.
_a004.22 N969e 2006
100 _aNULL, LINDA
245 _aThe essentials of computer organization and architecture /
250 _a2nd Edition
260 _aSudbury, MA. :
_bJones Bartlett Publishers,
_cc2006.
300 _axxxii, 799 p. :
_bill. ;
_c23 cm.
504 _aIncludes index.
650 _2Computer organization. 2. Computer architecture. I. Lobur, Julia. II. Title.
700 _aLOBUR, JULIA
942 _2ddc
_cBK-CIRC
_e2nd edition
_n0
999 _c6532
_d6532